|
003 -Nazwa inst., której nr kontr. jest w polu 001 [,]
|
-
- @
- Nazwa instytucji, której n kontrolny jest w polu 001
- NUKAT
|
|
005 -DATA I CZAS OSTATNIEJ MODYFIKACJI [,]
|
-
- @
- pole kontrolne
- 20241231103338.0
|
|
020 -Międzynarod. znormalizowany nr książki - ISBN [ , ]
|
-
- a
- Numer ISBN
- 0582237254
-
|
|
040 -Instytucja sporządzająca opis [ , ]
|
-
- a
- Instytucja, która sporządziła opis (NP)
- LUBL U/ML
-
- b
- Język katalogowania
- pol
-
- e
- Zasady katalogowania
- rda
-
- c
- Instytucja, która sporządziła rekord (NP)
- LUBL U/ML
-
- d
- Instytucja, która zmodyfikowała rekord (P)
- LUBL U/EM
-
- d
- Instytucja, która zmodyfikowała rekord (P)
- KAT U/DLs
-
- d
- Instytucja, która zmodyfikowała rekord (P)
- SZCZ U/AB
|
|
942 -Rodzaj dokumentu [ , ]
|
-
- c
- Rodzaj dokumentu
- Książka
|
|
080 -Uniwersalna Klasyfikacja Dziesiętna [ , ]
|
-
- 2
- Identyfikator wydania tablic
- UDC-P022
-
- a
- Symbol klasyfikacji
- 811.111'36
-
- b
- Dopowiedzenie
- Język angielski - gramatyka, gramatyka generatywna.
-
-
- b
- Dopowiedzenie
- =język angielski
|
|
650 -Hasło przedmiotowe [ ,7]
|
-
- a
- Hasło przedmiotowe
- Język angielski
-
- x
- Określnik rzeczowy
- gramatyka.
-
-
|
|
650 -Hasło przedmiotowe [ ,7]
|
-
- a
- Hasło przedmiotowe
- Język angielski
-
- x
- Określnik rzeczowy
- używanie.
-
-
|
|
650 -Hasło przedmiotowe [ ,7]
|
-
- a
- Hasło przedmiotowe
- Język angielski
-
- x
- Określnik rzeczowy
- frazeologia.
-
-
|
|
650 -Hasło przedmiotowe [ ,7]
|
-
- a
- Hasło przedmiotowe
- Język angielski
-
- x
- Określnik rzeczowy
- składnia.
-
-
|
|
650 -Hasło przedmiotowe [ ,7]
|
-
- a
- Hasło przedmiotowe
- Język angielski
-
- x
- Określnik rzeczowy
- morfologia.
-
-
|
|
980 -Symbol UKD [ , ]
|
-
|
|
700 -Hasło dodatkowe - nazwa osobowa [1, ]
|
-
- a
- Nazwa osobowa (NP)
- Biber, Douglas
-
- d
- Daty biograficzne (NP)
- (1952- ).
-
- e
- Określenie rodzaju współpracy
- Autor
-
|
|
700 -Hasło dodatkowe - nazwa osobowa [1, ]
|
-
- a
- Nazwa osobowa (NP)
- Johansson, Stig
-
- d
- Daty biograficzne (NP)
- (1939- ).
-
- e
- Określenie rodzaju współpracy
- Autor
-
|
|
700 -Hasło dodatkowe - nazwa osobowa [1, ]
|
-
- a
- Nazwa osobowa (NP)
- Leech, Geoffrey Neil
-
- d
- Daty biograficzne (NP)
- (1936-2014).
-
- e
- Określenie rodzaju współpracy
- Autor
-
|
|
700 -Hasło dodatkowe - nazwa osobowa [1, ]
|
-
- a
- Nazwa osobowa (NP)
- Conrad, Susan.
-
- e
- Określenie rodzaju współpracy
- Autor
-
|
|
700 -Hasło dodatkowe - nazwa osobowa [1, ]
|
-
- a
- Nazwa osobowa (NP)
- Finegan, Edward
-
- d
- Daty biograficzne (NP)
- (1940- ).
-
- e
- Określenie rodzaju współpracy
- Autor
-
|
|
700 -Hasło dodatkowe - nazwa osobowa [1, ]
|
-
- a
- Nazwa osobowa (NP)
- Quirk, Randolph
-
- d
- Daty biograficzne (NP)
- (1920-2017).
-
- e
- Określenie rodzaju współpracy
- Przedmowa
-
|
|
710 -Hasło dodatkowe - nazwa ciała zbiorowego [2, ]
|
-
- a
- Nazwa ciała zbiorowego lub nazwa geograficzna jako pierwszy element (NP)
- Pearson Longman.
-
- e
- Rodzaj współpracy
- Wydawca
-
-
|